ARRUPE JESUIT UNIVERSITY

CORONAVIRUS -STOP THE SPREAD - CLEAN,DISINFECT,COVER

Jesuit writings of the early modern period, 1540-1640 / (Record no. 119575)

MARC details
000 -LEADER
fixed length control field 01737cam a22004334a 4500
001 - CONTROL NUMBER
control field 6073948
003 - CONTROL NUMBER IDENTIFIER
control field ARRUPE
005 - DATE AND TIME OF LATEST TRANSACTION
control field 20140116134525.0
008 - FIXED-LENGTH DATA ELEMENTS--GENERAL INFORMATION
fixed length control field 070206s2006 inuab b 001 0 eng
010 ## - LIBRARY OF CONGRESS CONTROL NUMBER
LC control number 2006007237
015 ## - NATIONAL BIBLIOGRAPHY NUMBER
National bibliography number GBA668412
Source bnb
016 7# - NATIONAL BIBLIOGRAPHIC AGENCY CONTROL NUMBER
Record control number 013527317
Source Uk
020 ## - INTERNATIONAL STANDARD BOOK NUMBER
International Standard Book Number 0872208397 (pbk.)
020 ## - INTERNATIONAL STANDARD BOOK NUMBER
International Standard Book Number 9780872208391 (pbk.)
020 ## - INTERNATIONAL STANDARD BOOK NUMBER
International Standard Book Number 0872208400 (cloth)
020 ## - INTERNATIONAL STANDARD BOOK NUMBER
International Standard Book Number 9780872208407 (cloth)
020 ## - INTERNATIONAL STANDARD BOOK NUMBER
International Standard Book Number 9780872208391
020 ## - INTERNATIONAL STANDARD BOOK NUMBER
International Standard Book Number 9780872208407
024 8# - OTHER STANDARD IDENTIFIER
Standard number or code R5-626571
035 ## - SYSTEM CONTROL NUMBER
System control number (OCoLC)ocm64594285
035 ## - SYSTEM CONTROL NUMBER
System control number (OCoLC)64594285
035 ## - SYSTEM CONTROL NUMBER
System control number (DLC) 2006007237
035 ## - SYSTEM CONTROL NUMBER
System control number (NNC)6073948
040 ## - CATALOGING SOURCE
Original cataloging agency DLC
Transcribing agency DLC
Modifying agency YDX
-- BAKER
-- UKM
-- COO
-- BTCTA
-- YDXCP
-- DLC
-- OrLoB-B
042 ## - AUTHENTICATION CODE
Authentication code pcc
050 00 - LIBRARY OF CONGRESS CALL NUMBER
Classification number BX3706.3
Item number .J47 2006
300 ## - PHYSICAL DESCRIPTION
Other physical details ill., map ;
Dimensions 23 cm.
100 ## - MAIN ENTRY--PERSONAL NAME
Personal name Donnelly, John Patrick
9 (RLIN) 6673
245 00 - TITLE STATEMENT
Title Jesuit writings of the early modern period, 1540-1640 /
Statement of responsibility, etc edited and translated by John Patrick Donnelly.
260 ## - PUBLICATION, DISTRIBUTION, ETC. (IMPRINT)
Place of publication, distribution, etc Indianapolis :
Name of publisher, distributor, etc Hackett Pub. Co.,
Date of publication, distribution, etc c2006.
300 ## - PHYSICAL DESCRIPTION
Extent xix, 263 p. :
504 ## - BIBLIOGRAPHY, ETC. NOTE
Bibliography, etc Includes bibliographical references and index.
505 00 - FORMATTED CONTENTS NOTE
Miscellaneous information Ch. 1.
Title Writings of Ignatius of Loyola --
Miscellaneous information Ch. 2.
Title Jesuit education --
Miscellaneous information Ch. 3.
Title Jesuit missions in Asia and the Americas --
Miscellaneous information Ch. 4.
Title Jesuit opposition to protestantism --
Miscellaneous information Ch. 5.
Title Jesuit spirituality --
Miscellaneous information Ch. 6.
Title Special pastoral ministries --
Miscellaneous information Ch. 7.
Title Jesuits and politics --
Miscellaneous information Ch. 8.
Title Jesuits in the eyes of their enemies.
610 20 - SUBJECT ADDED ENTRY--CORPORATE NAME
Corporate name or jurisdiction name as entry element Jesuits
General subdivision History
Form subdivision Sources.
9 (RLIN) 6674
700 1# - ADDED ENTRY--PERSONAL NAME
Personal name Donnelly, John Patrick,
Dates associated with a name 1934-
9 (RLIN) 6675
856 41 - ELECTRONIC LOCATION AND ACCESS
Materials specified Table of contents only
Uniform Resource Identifier <a href="http://www.loc.gov/catdir/toc/ecip069/2006007237.html">http://www.loc.gov/catdir/toc/ecip069/2006007237.html</a>
900 ## - EQUIVALENCE OR CROSS-REFERENCE-PERSONAL NAME [LOCAL, CANADA]
Numeration TOC
942 ## - ADDED ENTRY ELEMENTS (KOHA)
Source of classification or shelving scheme Library of Congress Classification
Koha item type Monograph ( Printed materials)
948 1# - LOCAL PROCESSING INFORMATION (OCLC); SERIES PART DESIGNATOR (RLIN)
Series part designator, SPT (RLIN) 20070223
b (OCLC) c
c (OCLC) oc2016
d (OCLC) MPS
Holdings
Withdrawn status Lost status Source of classification or shelving scheme Damaged status Not for loan Collection code Home library Current library Shelving location Date acquired Total Checkouts Full call number Barcode Date last seen Price effective from Koha item type
    Library of Congress Classification     Main Collection ARRUPE LIBRARY ARRUPE LIBRARY Main Collection 16/01/2014   BX3706.3 .J47 2006 464122380 22/11/2017 16/01/2014 Monograph ( Printed materials)

 

Arrupe Library. PO Box MP320 Mt Pleasant, Harare, Zimbabwe
263 242 745411|librarian@aju.ac.zw